000 00298nam a22001337a 4500
008 170718b xxu||||| |||| 00| 0 eng d
020 _a001024
041 _aeng
080 _a2
100 _a24
101 _aTEO
245 _aLIFE SCIENCE FOR CHRISTIAN SCHOOLS
_cPINKSTON, W.S
942 _2udc
_cBK
999 _c21423
_d21423